书目信息 |
| 题名: |
代数群引论
|
|
| 作者: | 黎景辉 著 | |
| 分册: | ||
| 出版信息: | 北京 科学出版社 |
|
| 页数: | 457页 | |
| 开本: | 26cm | |
| 丛书名: | 现代数学基础丛书 101 | |
| 单 册: | ||
| 中图分类: | O187.2 | |
| 科图分类: | ||
| 主题词: | 几何 , 拓扑 | |
| 电子资源: | ||
| ISBN: | 7-03-017861-0 | |
| 000 | 00599nam0 2200217 450 | |
| 001 | 0732828906 | |
| 005 | 20070903090708.90 | |
| 010 | @a7-03-017861-0@d¥68.00 | |
| 100 | @a20070903d km y0chiy0120 ea | |
| 101 | 0 | @achi |
| 200 | 1 | @a代数群引论@Adai shu qun yin lun@f黎景辉等著@Fli jing hui deng zhu |
| 210 | @a北京@c科学出版社 | |
| 215 | @a457页@d26cm | |
| 225 | 2 | @a现代数学基础丛书 101 |
| 410 | 0 | @12001 @a现代数学基础丛书 101 |
| 606 | 0 | @a几何 |
| 606 | 0 | @a拓扑 |
| 690 | @aO187.2@v3 | |
| 701 | 0 | @a黎景辉@Ali jing hui@4著 |
| 801 | 0 | @aCN@bPFT@c20070903 |
| 905 | @a213230@dO187.2@eS175@f1 | |
| 代数群引论/黎景辉等著.-北京:科学出版社 |
| 457页;26cm.-(现代数学基础丛书 101) |
| ISBN 7-03-017861-0:¥68.00 |
| ● |
| 相关链接 |
|
|
|
|
正题名:代数群引论
索取号:O187.2/S175
 
预约/预借
| 序号 | 登录号 | 条形码 | 馆藏地/架位号 | 状态 | 备注 |
| 1 | 6705684 | 267056847 | 数信系资料室/ [索取号:O187.2/S175] | 在馆 | |
| 2 | 6705685 | 267056856 | 数信系资料室/ [索取号:O187.2/S175] | 在馆 |